000 00255 a2200085 4500
020 _a9783966800150
100 _a Mohsen Mostafavi, Kenneth Frampton and Martino Stierli
245 _aHutong Metabolism: ZAO/standard architecture
260 _bArchiTangle
_c2021
999 _c13315
_d13315